Digital image processing [electronic resource: book] (Record no. 202848)

MARC details
000 -LEADER
fixed length control field 00441nam a2200169Ia 4500
008 - FIXED-LENGTH DATA ELEMENTS--GENERAL INFORMATION
fixed length control field 231221s9999 xx 000 0 und d
041 ## - LANGUAGE CODE
Language code of text/sound track or separate title English
082 ## - DEWEY DECIMAL CLASSIFICATION NUMBER
Classification number 621.367 JAH;
100 ## - MAIN ENTRY--PERSONAL NAME
Personal name Jahne, Bernd
245 #0 - TITLE STATEMENT
Title Digital image processing [electronic resource: book]
250 ## - EDITION STATEMENT
Edition statement 5th ed
260 ## - PUBLICATION, DISTRIBUTION, ETC.
Date of publication, distribution, etc. 2003
Name of publisher, distributor, etc. Springer (India)
Place of publication, distribution, etc. New Delhi
300 ## - PHYSICAL DESCRIPTION
Extent xii+585
300 ## - PHYSICAL DESCRIPTION
Dimensions 27834
650 ## - SUBJECT ADDED ENTRY--TOPICAL TERM
Topical term or geographic name entry element Digital,image,processing
942 ## - ADDED ENTRY ELEMENTS (KOHA)
Koha item type Compact Disks
Holdings
Date last seen Total checkouts Full call number Accession number Uniform resource identifier Price effective from Category Lost status Damaged status Department Withdrawn status Home library Current library Shelving location Entry date Vendor Grants Billnumber Billdate Currency symbol Conversion rate Discount Old discount
26/01/2024   621.367 JAH; CD1345 digital/CD's/CD1390/CD1390.pdf 26/01/2024 Compact Disks     Central Library   Central Library Central Library Central Library   I K International TC 112 02/09/2009 RS 1   25
26/01/2024   621.367 JAH; CD1355 digital/CD1390/INDEX.htm 26/01/2024 Compact Disks     Central Library   Central Library Central Library Central Library   Allied publ. TC 697 02/09/2009 RS 1   15
26/01/2024   621.367 JAH; CD1375 digital/CD1390/INDEX.htm 26/01/2024 Compact Disks     Central Library   Central Library Central Library Central Library   I K International CS 87 01/10/2009 RS 1   25
26/01/2024   621.367 JAH; CD2152 digital/CD1390/INDEX.htm 26/01/2024 Compact Disks     Central Library   Central Library Central Library Central Library   Allied publ. EC 22 16/10/2009 RS 1   20

© For any Suggestions or Query, please contact the library staff @ librarian@pes.edu or Phone: +9180 2672 1983/ 2108.